00387nam a22001097a 450000500170000000800410001724500480005826000520010630000270015850000690018565000230025420241107110314.0241107b |||||||| |||| 00| 0 eng d aThe Supreme Court of Ghana Law Reports 2010 aAccra, GhanabAdvanced Legal Publicationsc2010 alxx, 1046 pagesc24 cm aCases determined by the Supreme Court of the Republic of Ghana.  2Law ReportsxGhana